00773 2200301 4500001002100000005001500021035002000036007000300056008004100059020002200100082001000122084001600132100002600148245007300174250001000247260003800257300003100295650002700326700001800353520002500371990001100396990001100407990001100418990001100429990001100440990001100451990000900462INLIS00000000000376620190718112606 a0010-0719000184ta190718 g 0 ind  a978-979-002-492-2 a635.8 a635.8 SIN b0 aSINAGA, Meity Suradji1 aBudi Daya Jamur Merang /cMeity Suradji Sinaga; editor, Sony Nugroho acet.3 aJakarta :bPenebar Swadaya,c2015 a99 hlm. :bilus. ;c23 cm. 4aJAMUR MERANG. BUDIDAYA0 aSONY, Nugroho aBibliografi: hlm. 99 a5568 a a5568 b a5568 b a5568 a a5568 a a5568 b a5306